00687nam a2200205Ia 4500008004100000020001500041082001600056100001800072245004700090250000800137260002700145300001100172500002400183650001400207700002600221942000700247952010500254952010500359999001700464230524s9999 xx 000 0 und d a8125918647 a645.12bRAJ aS.Rajasekaran 0aEngineering Mechanics Statics and Dynamics a3RD aNEW DELHIbVikasc2005 aXQP;85 aQuantity Number: 2 aMechanics a G.Sankarasubramanian cBK 00104070aTATCLbTATCLcGENd2023-05-24l0o645.12 RAJp7447r2023-05-24w2023-05-24yBKzBENG1101 00104070aTATCLbTATCLcGENd2023-05-24l0o645.12 RAJp7448r2023-05-24w2023-05-24yBKzBENG1101 c11985d11985